Essais de theodicae sur la bonte de Dieu la libreté' de l'homme es l'origine du mal.

Detalles Bibliográficos
Autor principal: LEIBNITZ
Formato: Libro
Publicado: Amsterdam 1714
Edición:2a. ed.
Materias:
Colección:Banco de datos
Acervo:Biblioteca del Museo Regional de Querétaro. INAH. Querétaro
Descripción Física:t. II
Tema general:Teología
Notas:Regular. Ex libris de la Biblioteca del Colegio Civil. Convento de los Carmelitas de Guadalajara, Jal. 2E3, 11.
LEADER 00810nam a22002170004500
035 |a 32564 
036 |a 8 
100 1 |a LEIBNITZ 
245 1 0 |a Essais de theodicae sur la bonte de Dieu la libreté' de l'homme es l'origine du mal. 
250 |a 2a. ed. 
260 |a Amsterdam  |b Isaac Troyel imp.  |c 1714 
300 |a t. II 
500 |a Regular. Ex libris de la Biblioteca del Colegio Civil. Convento de los Carmelitas de Guadalajara, Jal. 2E3, 11. 
650 1 0 |a Teología 
949 |a C.R.Q. 
959 |a Ex convento Grande de San Francisco de la ciudad de Querétaro, Museo Regional de Querétaro  |b CCC2 
960 |a Varios convento, Querétaro  |b DD82 
961 |a Varias Ordenes Religiosas  |b VO 
942 |c C.R.Q. 
943 |g Biblioteca del Museo Regional de Querétaro. INAH. Querétaro 
999 |c 988880  |d 988880